00828nam a2200193 a 4500003000200000005001700002008004100019050003300060100001700093245013300110260009200243300004800335504004100383650003200424650004100456650002800497650004500525650006400570020250618083255.0021115s19uu xx 00 eng d aPGS HQ 799.2.T4 b.G573 1999 aGo, Marco L. aThe effects of TV on the attitude and values of the youth as reflected in their conduct and academic performance /cMarco L. Go. aLas Piñas City, Philippines : bSouthville International School and Colleges,c1999. a28 pages :bcolored illustrations ;c28 cm. aIncludes bibliographical references. aTelevision and teenagers.  aTelevisionvPsychological aspects . aYouthvConduct of life. aTelevisionvMoral and ethical aspects.  aTelevision viewersvEffect of television viewing onvYouth.